[Event "IBCA Wch U20 blind 5th"]
[Site "Uppsala"]
[Date "2009.06.21"]
[Round "2"]
[White "Pourali, Vahideh"]
[Black "Miskeje, Martin"]
[Result "1-0"]
[WhiteElo "1700"]
[BlackElo "1351"]
[PlyCount "55"]
[EventDate "2009.06.20"]
[EventType "swiss"]
[EventRounds "7"]
[EventCountry "SWE"]
[SourceTitle "EXT 2010"]
[Source "ChessBase"]
[SourceDate "2010.11.25"]
[SourceVersion "1"]
[SourceVersionDate "2010.11.25"]
[SourceQuality "1"]

1. e4 e5 2. Nf3 Nc6 3. Bc4 Nf6 4. d3 Bd6 5. Nbd2 0-0 6. Nf1 Nd4 7. Ng3 b5 8. Nxd4 bxc4 9. Nf3 Ba6 10. 0-0 h6 11. Re1 cxd3 12. cxd3 Rb8 13. b3 Bb4 14. Bd2 Bxd2 15. Qxd2 d6 16. Rac1 Bc8 17. h3 Be6 18. d4 exd4 19. Nxd4 Qd7 20. Nc6 Rb7 21. Qa5 d5 22. Red1 Qd6 23. e5 Qd7 24. exf6 gxf6 25. Nxa7 Ra8 26. Qd2 Raxa7 27. Qxh6 Qe7 28. Nh5 1-0